アメリカの州都 - Statistics

General Stats
  • This quiz has been taken 130 times
  • The average score is 19 of 50
Answer Stats
州都 人口 % Correct
カリフォルニア州 サクラメント 467,343
78%
ハワイ州 ホノルル 377,357
76%
アリゾナ州 フェニックス 1,512,986
67%
インディアナ州 インディアナポリス 791,926
63%
マサチューセッツ州 ボストン 590,763
63%
ジョージア州 アトランタ 486,411
61%
コロラド州 デンバー 566,974
57%
ユタ州 ソルトレイクシティ 181,743
51%
オクラホマ州 オクラホマシティ 541,500
49%
アラスカ州 ジュノー 30,987
47%
フロリダ州 タラハシー 168,979
44%
デラウェア州 ドーバー 32,135
42%
アーカンソー州 リトルロック 204,370
40%
テネシー州 ナッシュビル 607,413
40%
コネチカット州 ハートフォード 124,397
39%
アイダホ州 ボイシ 201,287
39%
アラバマ州 モンゴメリー 200,127
38%
イリノイ州 スプリングフィールド 116,482
38%
アイオワ州 デモイン 209,124
38%
オハイオ州 コロンバス 733,203
38%
テキサス州 オースティン 709,893
38%
ルイジアナ州 バトンルージュ 224,097
36%
ミシシッピ州 ジャクソン 184,256
36%
カンザス州 トピカ 122,327
35%
ミネソタ州 セントポール 287,151
35%
ワシントン州 オリンピア 42,514
35%
サウスカロライナ州 コロンビア 122,819
33%
ワイオミング州 シャイアン 55,362
33%
ニューメキシコ州 サンタフェ 70,631
32%
ニューヨーク州 オールバニ 95,993
32%
ロードアイランド州 プロビデンス 176,862
32%
ケンタッキー州 フランクフォート 27,741
31%
ミシガン州 ランシング 119,128
31%
モンタナ州 ヘレナ 25,780
31%
ネバダ州 カーソンシティ 57,701
31%
バージニア州 リッチモンド 195,251
31%
メイン州 オーガスタ 18,560
29%
メリーランド州 アナポリス 36,217
29%
ネブラスカ州 リンカーン 225,581
29%
ノースカロライナ州 ローリー 380,173
29%
ペンシルベニア州 ハリスバーグ 48,950
29%
バーモント州 モントピリア 8,035
29%
ウェストバージニア州 チャールストン 52,700
29%
ミズーリ州 ジェファーソンシティ 39,636
28%
ニューハンプシャー州 コンコード 42,221
28%
ノースダコタ州 ビスマーク 55,533
28%
オレゴン州 セイラム 149,305
28%
ニュージャージー州 トレントン 84,639
26%
サウスダコタ州 ピア 13,876
26%
ウィスコンシン州 マディソン 221,551
24%
No matching quizzes found
Score Distribution
Percent of People with Each Score
Percentile by Number Answered
Your Score History
You have not taken this quiz